000 00561 a2200193 4500
001 134917
020 _a978-85-0001-9784
040 _cLeonardo Da Vinci
041 _aPortuguês
082 _ar001.9 G981g
_bG981g
245 _aGUINNESS World Records 2008
250 _a2008
260 _bEdiouro
_c2007
_aRio de Janeiro
300 _a286
362 _a20070000
500 _aTítulo original: The Guinness Book of records
_aAna Carolina Mesquita e Gustavo Mesquita (Tradução)
697 _aReferência
_aAnuário
_aRecordes
_aCuriosidades
942 _cBK
999 _c134917
_d134917